Charles Peguy. (رقم التسجيلة. 106124)
[ عرض عادي ]
| 000 -LEADER | |
|---|---|
| fixed length control field | 007110am a2200253 004500 |
| 003 - CONTROL NUMBER IDENTIFIER | |
| control field | EG-GiCUC |
| 008 - FIXED-LENGTH DATA ELEMENTS--GENERAL INFORMATION | |
| fixed length control field | 080525s1963 fr c b 000 0bfre c |
| 040 ## - CATALOGING SOURCE | |
| Original cataloging agency | DLC |
| Transcribing agency | DLC |
| Modifying agency | DLC |
| 042 ## - AUTHENTICATION CODE | |
| Authentication code | premarc |
| 050 00 - LIBRARY OF CONGRESS CALL NUMBER | |
| Classification number | PQ2635.E25 |
| Item number | Z773 |
| 092 04 - LOCALLY ASSIGNED DEWEY CALL NUMBER (OCLC) | |
| Classification number | 848.91209 |
| Item number | P376r |
| Edition number | 21 |
| 099 ## - LOCAL FREE-TEXT CALL NUMBER (OCLC) | |
| Classification number | 04 |
| -- | 848.91209 P376r |
| 100 1# - MAIN ENTRY--PERSONAL NAME | |
| Personal name | Roussel, Jean, |
| Dates associated with a name | 1902-1957. |
| 245 10 - TITLE STATEMENT | |
| Title | Charles Peguy. |
| Statement of responsibility, etc. | Jean Roussel |
| 260 ## - PUBLICATION, DISTRIBUTION, ETC. | |
| Place of publication, distribution, etc. | Paris, |
| Name of publisher, distributor, etc. | Editions universitaires |
| Date of publication, distribution, etc. | 1963 |
| 300 ## - PHYSICAL DESCRIPTION | |
| Extent | 122 p. |
| Other physical details | port. |
| Dimensions | 18 cm. |
| 490 0# - SERIES STATEMENT | |
| Series statement | Classiques du XXe sie{u00A4}_cle, |
| Volume/sequential designation | 4 |
| 504 ## - BIBLIOGRAPHY, ETC. NOTE | |
| Bibliography, etc. note | Bibliography: p. [118]-120. |
| 600 10 - SUBJECT ADDED ENTRY--PERSONAL NAME | |
| Personal name | Peguy, Charles, |
| Dates associated with a name | 1873-1914. |
| 902 ## - LOCAL DATA ELEMENT B, LDB (RLIN) | |
| No. of Items | 1 |
| 905 ## - LOCAL DATA ELEMENT E, LDE (RLIN) | |
| Cataloger | Eman |
| Reviser | Rev |
| 905 ## - LOCAL DATA ELEMENT E, LDE (RLIN) | |
| Cataloger | Jamal |
| Reviser | Cat |
| 942 ## - ADDED ENTRY ELEMENTS (KOHA) | |
| Source of classification or shelving scheme | Dewey Decimal Classification |
| Koha item type | Books |
| Source of classification or shelving scheme | Not for loan | Home library | Current library | Date acquired | Full call number | Barcode | Date last seen | Copy number | Koha item type |
|---|---|---|---|---|---|---|---|---|---|
| Dewey Decimal Classification | المكتبة المركزبة الجديدة - جامعة القاهرة | قاعة الانسانيات - الدور الثاني | 11.02.2024 | 848.91209 P376r | 01000110185639000 | 23.09.2023 | C.1 | Books |